000 00905nam a22002297a 4500
005 20250904115224.0
010 _aB-770171-179 BACEN25 ENG-146730
020 _a9788126936137
_c1695.00
035 _aB-770171-179
035 _aEN-130262
037 _bAtlantic
037 _bDBAD
_aDPL
082 _a954.1
100 _aBisaria,Rakesh kumar
_984730
245 _aThe first call for freedom:
_bunravelling 1857 in lucknow/
_cby Rakesh kumar bisaria ,sunil saxena
260 _aNew Delhi
_bWiley India pvt.Ltd.
_c2023
270 _a4436/7, Ansari road,Daryaganj,
_bNew Delhi
_e110002
300 _a302p.:
_bill.
_c27cm (pbk)
700 _asaxena, sunil
_978104
942 _2ddc
_cEN
_mBIS
_h954.51
999 _c209497
_d209497